Netherlands National Football Team Scorers 2010s - Statistics

General Stats
  • This quiz has been taken 371 times
  • The average score is 19 of 40
Answer Stats
Goals Last Player % Correct
36 2015 Robin van Persie
97%
26 2017 Arjen Robben
95%
1 2019 Frenkie de Jong
91%
5 2019 Luuk de Jong
91%
2 2013 Siem de Jong
91%
19 2019 Memphis Depay
89%
19 2017 Wesley Sneijder
87%
4 2019 Virgil van Dijk
85%
2 2019 Matthijs de Ligt
78%
28 2015 Klaas-Jan Huntelaar
74%
18 2019 Georginio Wijnaldum
73%
2 2014 Daley Blind
71%
11 2011 Dirk Kuyt
70%
3 2015 Stefan de Vrij
62%
10 2013 Rafael van der Vaart
59%
1 2010 Giovanni van Bronckhorst
54%
2 2011 Ruud van Nistelrooy
54%
1 2010 Mark van Bommel
53%
1 2011 John Heitinga
39%
5 2019 Ryan Babel
39%
2 2019 Nathan Aké
36%
4 2017 Davy Klaassen
34%
1 2019 Donyell Malen
33%
2 2012 Bruno Martins Indi
32%
7 2019 Quincy Promes
31%
3 2013 Kevin Strootman
29%
1 2012 Ron Vlaar
29%
7 2017 Vincent Janssen
29%
1 2015 Bas Dost
25%
7 2016 Ibrahim Afellay
24%
1 2014 Leroy Fer
23%
1 2010 Eljero Elia
19%
8 2014 Jeremain Lens
16%
2 2017 Joël Veltman
16%
1 2014 Jeffrey Bruma
11%
4 2016 Luciano Narsingh
11%
1 2019 Myron Boadu
7%
3 2017 Davy Pröpper
6%
1 2018 Arnaut Danjuma
5%
2 2013 Ruben Schaken
4%
No matching quizzes found
Score Distribution
Percent of People with Each Score
Percentile by Number Answered
Your Score History
You have not taken this quiz